Movie Word Quintets X Quiz Stats

Quiz Updated Mar 1, 2018

Challenge
Share
Tweet
Score 0/30 Timer 08:00
2 Plays Today
% Correct
The Green Mile
98.9%
Die Hard
87.9%
Green Lantern
87.5%
Million Dollar Baby
85.1%
Shakespeare in Love
85.1%
3 Men and a Baby
78.5%
Rosemary's Baby
73.8%
A Hard Day's Night
71.8%
Fried Green Tomatoes
70.3%
Children of the Corn
64.3%
Love Actually
63.3%
Children of Men
60.3%
From Russia with Love
59.4%
Baby Driver
53.9%
Get Hard
49%
% Correct
Punch-Drunk Love
45.7%
Crazy Heart
42.8%
Green Zone
41.3%
Bringing Up Baby
40.8%
Love & Other Drugs
36.8%
Soylent Green
29.5%
Children of a Lesser God
24.2%
Hard Candy
22.3%
Angel Heart
17.7%
Where the Heart Is
16.8%
In the Heart of the Sea
15.9%
I Heart Huckabees
15.8%
Little Children
15.6%
Hard Boiled
12.6%
The City of Lost Children
7.2%

You're not logged in!

Compare scores with friends on all Sporcle quizzes.
Sign Up with Email
OR
Log In

You Might Also Like...

Show Comments

Extras

Top Quizzes Today


Score Distribution

Your Account Isn't Verified!

In order to create a playlist on Sporcle, you need to verify the email address you used during registration. Go to your Sporcle Settings to finish the process.

Report this User

Report this user for behavior that violates our Community Guidelines.

Details: